[Event "Fredericia Chess 2024 WIM"]
[Site "Fredericia Denmark"]
[Date "2024.05.12"]
[Round "9.3"]
[White "Jakobsen, Shanne Hedegaard"]
[Black "Dalsberg, Sandra de Blecourt"]
[Result "0-1"]
[WhiteElo "1956"]
[BlackElo "2083"]
[WhiteFideId "1462296"]
[SourceTitle "Live"]

1. d4   d5  2. c4   c6  3. Nf3   Nf6  4. Nbd2   Bf5  5. Nh4   Be6  6. b3   dxc4  7. Nxc4   Bxc4  8. bxc4   e5  9. a3   Qxd4  10. Qxd4  10... exd4  11. Rb1   b6  12. g3   Bc5  13. Bg2   O-O  14. Nf5   g6  15. Nh4   Re8  16. Rb3   Ne4  17. Rd3   Nd7  18. Bb2   Rad8  19. Nf3   Ne5  20. Nxe5  20... Rxe5  21. f3   Nf6  22. f4   Re6  23. Bh3   Ree8  24. Rf1   Ne4  25. Bg2   f5  26. Bf3   h5  27. Kd1   Nd6  28. Bxc6   Nxc4  29. Bc1   Re7  30. a4  30... Kg7  31. h3   Nd6  32. Bf3   Ne4  33. g4   hxg4  34. hxg4   Nc3+  35. Kc2   Nxe2  36. Bd2   Ng3  37. Rg1   fxg4  38. Bxg4   Ne4  39. Bf5   Rd6  40. Bxe4  40... Rxe4  41. f5   Kf7  42. fxg6+   Rxg6  43. Rf3+   Rf6  44. Rxf6+   Kxf6  45. Kd3   Re6  46. Rf1+   Ke7  47. Rg1   Kd7  48. Rg7+   Re7  49. Rg5   Rh7  50. Kc4  50... Rh2  51. Bb4   Rc2+  52. Kd3   Rc1  53. Rg7+   Kc6  54. Bxc5   bxc5  55. Rxa7   Rc3+  56. Kd2   Kb6  57. Ra8   Kb7  58. Ra5   Kc6  59. Ra8   Kd5  60. a5  60... Kc6  61. Rb8   Ra3  62. Rb6+   Kd5  63. a6   Kc4  64. Kc2   d3+  65. Kd2   Ra2+  66. Ke3   Kc3  67. Rd6   c4  68. Kf3   Ra1  69. Ke3   Re1+  70. Kf2  70... Re7  71. Rg6   d2  72. Rd6   Kc2  0-1

[Event "Fredericia Chess 2024 WIM"]
[Site "Fredericia Denmark"]
[Date "2024.05.12"]
[Round "9.4"]
[White "Sevcikova, Lucia"]
[Black "Butenandt, Svenja"]
[Result "1/2-1/2"]
[WhiteElo "2008"]
[BlackElo "2198"]
[WhiteFideId "14940744"]
[BlackFideId "12993859"]
[SourceTitle "Live"]

1. d4   Nf6  2. c4   e6  3. Nc3   Bb4  4. e3   O-O  5. Bd2   c5  6. a3   Bxc3  7. Bxc3   Ne4  8. Ne2   b6  9. d5   Ba6  10. b3  10... b5  11. Qc2   exd5  12. cxd5   Nxc3  13. Nxc3   b4  14. Bxa6   Nxa6  15. axb4   Nxb4  16. Qd2   d6  17. O-O   Qb6  18. Ra4   Rfb8  19. Rfa1   a5  20. h3  20... h6  21. R1a3   Ra7  22. Qe2   Qb7  23. e4   Rba8  24. f4   Ra6  25. Kh1   Kh8  26. Kg1   Kg8  27. Kh1   Kh8  28. Ra1   R6a7  29. Nb5   Ra6  30. Nc3  30... R6a7  31. Nb5   Ra6  32. Nc3   R6a7  1/2-1/2

[Event "Fredericia Chess 2024 WIM"]
[Site "Fredericia Denmark"]
[Date "2024.05.12"]
[Round "9.5"]
[White "Kakulidis, Ellen"]
[Black "Zaritovskaja, Margarita"]
[Result "1/2-1/2"]
[WhiteElo "2062"]
[BlackElo "2033"]
[WhiteFideId "1444972"]
[BlackFideId "14149249"]
[SourceTitle "Live"]

1. d4   Nf6  2. c4   e6  3. g3   d5  4. Bg2   Be7  5. Nf3   O-O  6. O-O   dxc4  7. Qa4   a6  8. Qxc4   b5  9. Qc2   Bb7  10. Bg5  10... Nbd7  11. Bxf6   Nxf6  12. Nbd2   Rc8  13. Nb3   c5  14. dxc5   Ne4  15. Rfd1   Qc7  16. Nfd2   Nxc5  17. Bxb7   Qxb7  18. Nxc5   Rxc5  19. Qb3   Rfc8  20. Nf3  20... Rf8  21. Nd2   Rfc8  22. Nf3   h6  23. Rd2   Bf6  24. Rad1   Qe4  25. Ne1   Bg5  26. e3   Bf6  27. Qd3   Qb4  28. Qe2   Rc1  29. b3   Qa5  30. Nf3  30... Rxd1+  31. Rxd1   Qc3  32. Qd2   Rd8  33. Qxc3   Rxd1+  34. Qe1   Rxe1+  35. Nxe1   Be5  36. Nd3   Bd6  37. Kf1   Kf8  38. Ke2   Ke7  39. Kd2   Kd7  40. Kc3  40... Kc6  41. Kd4   f6  42. f4   a5  43. g4  1/2-1/2